Lịch sử văn minh Ấn Độ

Cuốn sách đề cập tới tư tưởng tôn giáo, các phong tục tập quán, văn học, nghệ thuật .... của ấn Độ

Đã lưu trong:
Bibliografiske detaljer
Hovedforfatter: Durant, Will
Format: Bog
Sprog:Undetermined
Udgivet: Hà Nội Văn hóa 1996
Fag:
Tags: Tilføj Tag
Ingen Tags, Vær først til at tagge denne postø!
Thư viện lưu trữ: Trung tâm Học liệu Trường Đại học Cần Thơ
LEADER 00718nam a2200193Ia 4500
001 CTU_27496
008 210402s9999 xx 000 0 und d
082 |a 954 
082 |b D951 
100 |a Durant, Will 
245 0 |a Lịch sử văn minh Ấn Độ 
245 0 |c Will Durant ; Nguyễn Hiến Lê (dịch) 
260 |a Hà Nội 
260 |b Văn hóa 
260 |c 1996 
520 |a Cuốn sách đề cập tới tư tưởng tôn giáo, các phong tục tập quán, văn học, nghệ thuật .... của ấn Độ 
650 |a History India,Lịch sử Ấn Độ 
904 |i Q. Hiếu 
980 |a Trung tâm Học liệu Trường Đại học Cần Thơ